Birth States of American Presidents - Statistics

General Stats
  • This quiz has been taken 544 times
  • The average score is 20 of 42
Answer Stats
Hint Answer % Correct
George Washington Virginia
95%
Thomas Jefferson Virginia
86%
James Madison Virginia
82%
Barack Obama Hawaii
77%
John Adams Massachusetts
77%
John Quincy Adams Massachusetts
75%
Bill Clinton Arkansas
69%
Jimmy Carter Georgia
65%
John F. Kennedy Massachusetts
65%
Richard M. Nixon California
63%
Abraham Lincoln Kentucky
63%
Franklin D. Roosevelt New York
63%
Lyndon B. Johnson Texas
63%
Theodore Roosevelt New York
60%
Martin Van Buren New York
59%
William Henry Harrison Virginia
53%
John Tyler Virginia
52%
Harry S. Truman Missouri
50%
Andrew Jackson North Carolina
49%
Ulysses S. Grant Ohio
44%
James Garfield Ohio
44%
George H. W. Bush Massachusetts
43%
Rutherford B. Hayes Ohio
43%
George W. Bush Connecticut
42%
Ronald Regan Illinois
42%
William Howard Taft Ohio
42%
William McKinley Ohio
41%
Warren G. Harding Ohio
39%
Benjamin Harrison Ohio
38%
Millard Fillmore New York
37%
Woodrow Wilson Virginia
35%
James Buchanan Pennsylvania
34%
Franklin Pierce New Hampshire
33%
Dwight D. Eisenhower Texas
33%
James K. Polk North Carolina
32%
Zachary Taylor Virginia
28%
Andrew Johnson North Carolina
26%
Calvin Coolidge Vermont
25%
Herbert Hoover Iowa
23%
Grover Cleveland New Jersey
19%
Chester A. Arthur Vermont
19%
Gerald R. Ford Nebraska
18%
No matching quizzes found
Score Distribution
Percent of People with Each Score
Percentile by Number Answered
Your Score History
You have not taken this quiz